000 00589nam a2200181Ia 4500
003 OSt
005 20260331103445.0
008 211028s2010 xx 000 0 und d
040 _cAIMIT LIBRARY
041 _aeng
082 _a658.8 PREE
100 _aPreetham B R;Shanbhag, Santhosh.
_g816099
_96661
245 _aTo analyse the feasibility of implementation of online campus management solutions of vrixx by campuses (engineering and management) in Mangalore /
260 _bShanbhag, Santhosh
_c2010
600 _aMarketing
_96662
650 _aMarketing
_96663
942 _2ddc
_cPRO
999 _c218312
_d218312